| 000 | 00449nam a2200181Ia 4500 | ||
|---|---|---|---|
| 001 | 17520 | ||
| 005 | 20260306171523.0 | ||
| 008 | 260306s9999||||xx |||||||||||||| ||und|| | ||
| 041 | _aESP | ||
| 082 |
_a658 _bV23 |
||
| 100 |
_aAragón Sánchez, Antonio _eAUT |
||
| 245 | 0 | _aLa gestión estratégica de los recursos humanos | |
| 260 | _c2004 | ||
| 300 |
_a187 páginas : _c24 cm. |
||
| 650 | _aGEN | ||
| 654 | _aCAN | ||
| 942 |
_cLIB _dJUS _fJUS _2ddc _n |
||
| 999 |
_c17520 _d17520 |
||